| 000 | 00913nam a2200241Ia 4500 | ||
|---|---|---|---|
| 003 | CO-CtgCURN | ||
| 005 | 20250408190831.0 | ||
| 008 | 190723s9999 xx 000 0 und d | ||
| 020 | _a9586760499 | ||
| 040 |
_aCO-CtgCURN _bspa _ccoctgcurn |
||
| 082 |
_a344.861 _bG643c |
||
| 100 | _aGonzález Charry, Guillermo | ||
| 245 | 0 |
_aDerecho laboral colombiano : _brelaciones individuales, ley 50 de 1990 y constitucion nacional de 1991 / _cGuillermo González Charry |
|
| 250 | _a9 edición | ||
| 260 |
_aBogotá, Colombia : _bEdiciones Doctrina y Ley, _c1998 |
||
| 300 |
_a684 páginas ; _c24 centímetros |
||
| 521 | _aAREA PROFESIONAL | ||
| 590 | _aPrograma de Derecho_18 | ||
| 650 |
_aDerecho laboral _zColombia |
||
| 942 |
_cBK _h344.861 _iG643c _01 _2ddc _n0 |
||
| 999 |
_c28710 _d28710 |
||